| 000 | 01393njm a2200289 a 4500 | ||
|---|---|---|---|
| 003 | BLK | ||
| 005 | 20241009112037.0 | ||
| 007 | sd bsmennmp|nu | ||
| 008 | 240820b opnngs|||||||| | che d | ||
| 028 | _a885036 | ||
| 040 | _aBLK | ||
| 041 | 0 |
_aDEU _cDEU |
|
| 080 |
_aИнструментална муз. Откъси, теми, илюстрации _b785.081 _z785.081(086.72) |
||
| 245 | _aAls die Sonne kam - Schlager instrumental | ||
| 260 |
_aBerlin _bDeutsche Schallplatten _c1973 _9215027 |
||
| 300 |
_a1 грамофонни плочи 33 об./мин., stereo _c30 см |
||
| 380 | _a7 | ||
| 490 |
_9494230 _aNOVA |
||
| 500 | _a(01) Wunderschön, dich wiederzusehn (02) Gold in deinen Augen (03) Warum sind die Wälder so grün (04) Als die Sonne kam (05) Es waren sieben schöne Tage (06) Wie ein Stern (07) Guten Abend, Carolina ------ (08) Sieh mal einer an, diese Kleine (09) Die Schranke (10) Die Sprache der Liebe ist leis (11) Nie zuvor war ein Abend so schön (12) Du hast gelacht (13) Regen stört uns nicht (14) Mokka-Milch-Eisbar | ||
| 511 | _aGerd Michaelis-Chor Orchester Günter Gollasch Musikregie: Jürgen Lahrtz Tonregie: Siegbert Schneider | ||
| 852 |
_aФ ІІ 2453 _bЦб |
||
| 856 |
_i0.00 _ldisable |
||
| 942 |
_cGPL _n0 |
||
| 944 |
_cНора Радева _k30545 _lНора Радева _a30545 |
||
| 999 |
_c518935 _d518935 |
||
| 999 | _d518932 | ||
| 999 | _d518929 | ||